MARC

LEADER 00000nam0a2200000 4500
001 332870
005 20231102004511.0
035 |a (RuTPU)RU\TPU\book\358860 
090 |a 332870 
100 |a 20170601d1960 m y0rusy50 ca 
101 0 |a rus 
102 |a RU 
105 |a a z 001zb 
200 1 |a Левитан  |f В. А. Прытков  |g Академия художеств СССР (АХ СССР), Научно-исследовательский институт теории и истории изобразительного искусства (НИИ РАХ) 
210 |a Москва  |c Изд-во Академии художеств СССР  |d 1960 
215 |a 114 с.  |c ил. 
320 |a Список иллюстраций: с. 113-114 
600 1 |a Левитан  |b И. И.  |c российский живописец  |f 1860-1900  |g Исаак Ильич  |2 stltpush  |3 (RuTPU)RU\TPU\pers\11976  |9 3084 
606 1 |a Живописцы  |2 stltpush  |3 (RuTPU)RU\TPU\subj\10834  |9 37852 
610 1 |a искусство 
610 1 |a изобразительное искусство 
610 1 |a живопись 
610 1 |a Россия 
610 1 |a 19 век 
610 1 |a история 
610 1 |a художники 
610 1 |a биографии 
610 1 |a творчество 
675 |a 75.071  |v 4 
700 1 |a Прытков  |b В. А. 
712 0 2 |a Академия художеств СССР (АХ СССР)  |b Научно-исследовательский институт теории и истории изобразительного искусства (НИИ РАХ)  |c (Москва)  |2 stltpush  |3 (RuTPU)RU\TPU\col\20396 
801 1 |a RU  |b 63413507  |c 20170601 
801 2 |a RU  |b 63413507  |c 20201027  |g RCR 
942 |c BK